000 00248nam a2200097Ia 4500
001 795728
005 20250826170733.0
008 250824s9999 xx 000 0 und d
245 0 _aKÜÇÜK PRENS
_cANTOINE DE SAINT-EXUPERY
260 _bPANAMA YAYINLARI
999 _c795728
_d795728